000 00554nam a2200181Ia 4500
008 090124s9999 xx 000 0 und d
082 _b19019
_a1171
100 _aवेलणकर शरद
245 _a प्राचीन योगविद्या
250 _a1
260 _c1974
300 _a110
600 _aवेलणकर शरद
630 _a प्राचीन योगविद्या
700 _aवेलणकर शरद
730 _a प्राचीन योगविद्या
942 _cBOOK
999 _c132960
_d132960